000 01099nam a22003378i 4500
999 _c853
_d853
001 020695327
003 UkOxU
005 20191223143346.0
008 160721s2016 enka j 001|0|eng|d
015 _aGBB6C3556
_2bnb
016 7 _a018000002
_2Uk
020 _a9781407174051 (pbk.) :
035 _a(Uk)018000002
040 _aStDuBDS
_beng
_erda
_cStDuBDS
082 0 4 _a941 DEA
_223
100 1 _aDeary, Terry,
_eauthor.
245 1 0 _aSlimy Stuarts /
_cTerry Deary ; illustrated by Martin Brown.
263 _a201611
264 1 _aLondon :
_bScholastic,
_c2016.
300 _a1 volume ; 140 p. :
_billustrations (black and white). ;
_c20 cm.
336 _atext
_2rdacontent
336 _astill image
_2rdacontent
337 _aunmediated
_2rdamedia
338 _avolume
_2rdacarrier
490 0 _aHorrible histories
500 _aIncludes index.
651 0 _aGreat Britain
_xHistory
_yStuarts, 1603-1714
_vJuvenile literature.
651 0 _aGreat Britain
_xSocial life and customs
_y17th century
_vJuvenile literature.
700 1 0 _aBrown, Martin,
_d1959-
_eillustrator.
942 _2ddc
_cNFIC